00392nam a2200181Ia 4500003000900000008004100009040001300050040001300063041000800076100002100084245005100105250001000156260000800166260000900174300001100183300001000194490000600204IT-RoPAU120407s9999 xx 000 0 und d aIT-RoPAU cIT-RoPAU aita aErnesto Preziosi aBreve profilo dell’azione cattolica italiana aRoma  aAve c1984 a118 p. c18 cm v1